000 00773nam a2200217Ii 4500
003 JO-AjNU
008 230605s9999||||xx |||||||||||||| ||und||
017 _a2000/9/2681
040 _aJO-AjNU
_bara
_erda
_cJO-AjNU
041 _aara
050 1 4 _aKMM51.A83.2001
100 3 _a الأشقر ، عمر سليمان ,
_eauthor
_941093
245 0 0 _aالواضح في شرح قانون الاحوال الشخصية الاردني مع أسئلة للمناقشة وتمرينات
250 _aط2
264 3 1 _aعمان : دار النفائس ، 2000
300 _a414ص
336 _atext
_btxt
_2rdacontent
337 _aunmediated
_bn
_2rdamedia
338 _avolume
_bnc
_2rdacarrier
650 4 _aقانون الأحوال الشخصية -- الاردن
_941094
999 _aA17493
_c21061
_d21061